Gaming Quiz

Random Gaming or Nintendo Quiz

Mario Characters Close-Up Quiz Stats

 Plays Quiz Updated Dec 10, 2014

Challenge
Share
Tweet
Score 0/20 Timer 04:00
5 Plays Today
Hint Answer % Correct
Mario
99.7%
Luigi
96.9%
Bowser
94.6%
Princess Peach
94.6%
Donkey Kong
92.5%
Yoshi
92.4%
Toad
91.3%
Princess Daisy
79.8%
Koopa Troopa
78%
Goomba
70.9%
Hint Answer % Correct
Shy Guy
68%
Bowser Jr.
67.5%
Toadette
66.7%
Bullet Bill
64.9%
Birdo
56.5%
Bob-omb
43.6%
Lakitu
41.7%
Paratroopa
37.5%
Petey Piranha
34.8%
Blooper
29.5%

You're not logged in!

Compare scores with friends on all Sporcle quizzes.
Join for Free
OR
Log In

You Might Also Like...

Show Comments

Extras

Top Quizzes Today


Score Distribution

Your Account Isn't Verified!

In order to create a playlist on Sporcle, you need to verify the email address you used during registration. Go to your Sporcle Settings to finish the process.

Report this User

Report this user for behavior that violates our Community Guidelines.

Details: